000 00826nam a22002777a 4500
003 CHAP
005 20220329141630.0
008 971013s1955 r 00010 d
010 _a71355
011 _a72327
035 _a81882
040 _cCHAP
082 _a022.3
_bG3
100 0 0 _aGalvin, Hoyt R.
_eed.
_944502
245 _aPlanning a library building; the major steps
260 _aChicago :
_bAmerican Library Association,
_c1955
300 _a80 p.
_b: ilus.
590 _aBATCH-UPD
_b10
_c20130110
_lUCH01
_h0308
590 _aCONVERSION
_b10
_c20130109
_lUCH01
_h1339
650 1 4 _aBibliotecas
_xArquitectura.
_912494
650 1 4 _aBibliotecas
_xMuebles, equipo, etc.
_912524
700 0 _aDeveraux, Kathryn A.
_932310
901 _aBK
942 _cLIBRO
949 _a022.3 G3
_bBC
_cB
_d-35583
_eB
_h11524
_i81882
_si
999 _c71355
_d71355